Markets (Record no. 82530)

MARC details
000 -LEADER
fixed length control field 01070cam a22002055a 4500
001 - CONTROL NUMBER
control field L150492
008 - FIXED-LENGTH DATA ELEMENTS--GENERAL INFORMATION
fixed length control field 100720e20100716xxk 000 0 eng d
035 ## - SYSTEM CONTROL NUMBER
System control number (Sirsi) u150492
041 0# - LANGUAGE CODE
Language code of text/sound track or separate title eng
100 1# - MAIN ENTRY--PERSONAL NAME
Personal name Shah, Aditi
245 00 - TITLE STATEMENT
Title Markets
Remainder of title South London
260 ## - PUBLICATION, DISTRIBUTION, ETC.
Date of publication, distribution, etc. 2010
490 #0 - SERIES STATEMENT
Series statement Property Week
Volume/sequential designation 76(28) 16 July 2010, 45-48(4)
520 ## - SUMMARY, ETC.
Summary, etc. Irish developer Ballymore reveals its plans for a 2.5m sq ft mixed-use development at Nine Elms centring around the new US embassy site. Lend Lease Europe and Quintain's £5bn Greenwich Peninsula scheme prepares for its next phase, 250 000 sq ft of offices and homes. CoStar Focus research shows that rents in key office locations in south London have fallen on average by 20% with first half of 2010 take up down 50% compared with the same period in 2009. TK Maxx and New Look are combining units to create large stores at Southside Shopping Centre in Wandsworth.
590 ## - LOCAL NOTE (RLIN)
Local note KA
651 #4 - SUBJECT ADDED ENTRY--GEOGRAPHIC NAME
Geographic name London
690 ## - LOCAL SUBJECT ADDED ENTRY--TOPICAL TERM (OCLC, RLIN)
Topical term or geographic name as entry element PROPERTY-COMMERCIAL PROPERTY-COMMERCIAL PROPERTY MARKET
700 1# - ADDED ENTRY--PERSONAL NAME
Personal name Cuff, Nick
942 ## - ADDED ENTRY ELEMENTS (KOHA)
Suppress in OPAC 0
Holdings
Withdrawn status Lost status Source of classification or shelving scheme Damaged status Not for loan Home library Current library Shelving location Date acquired Total Checkouts Full call number Barcode Date last seen Copy number Price effective from Koha item type
    Dewey Decimal Classification     London London Journal article 20/07/2010   L150492 150492-1001 06/08/2019 1 06/08/2019 Journal article